<?xml version="1.0" encoding="UTF-8"?>
<collection xmlns:xsi="http://www.w3.org/2001/XMLSchema-instance" xsi:schemaLocation="http://www.loc.gov/MARC21/slim http://www.loc.gov/standards/marcxml/schema/MARC21slim.xsd" xmlns="http://www.loc.gov/MARC21/slim">
 <record>
  <leader>00000cam a22000003i 4500</leader>
  <controlfield tag="001">UP-1685594773861923415</controlfield>
  <controlfield tag="003">Buklod</controlfield>
  <controlfield tag="005">20130504124730.0</controlfield>
  <controlfield tag="006">g||| |     ||   ||</controlfield>
  <controlfield tag="007">ta</controlfield>
  <controlfield tag="008">010216s2013    njuab   rb   |||1 u|eng d</controlfield>
  <datafield tag="020" ind1=" " ind2=" ">
   <subfield code="a">9780205150687</subfield>
  </datafield>
  <datafield tag="020" ind1=" " ind2=" ">
   <subfield code="a">0205150683</subfield>
  </datafield>
  <datafield tag="035" ind1=" " ind2=" ">
   <subfield code="a">(iLib)UPBAG-00010162327</subfield>
  </datafield>
  <datafield tag="037" ind1=" " ind2=" ">
   <subfield code="a">BC-63441</subfield>
   <subfield code="c">Php8,147.00</subfield>
  </datafield>
  <datafield tag="040" ind1=" " ind2=" ">
   <subfield code="a">DLC</subfield>
   <subfield code="d">BAG</subfield>
   <subfield code="e">rda</subfield>
  </datafield>
  <datafield tag="041" ind1="0" ind2=" ">
   <subfield code="a">eng</subfield>
  </datafield>
  <datafield tag="090" ind1=" " ind2="0">
   <subfield code="a">GN 60</subfield>
   <subfield code="b">S69 2013</subfield>
  </datafield>
  <datafield tag="100" ind1="1" ind2=" ">
   <subfield code="a">Stanford, Craig B.</subfield>
   <subfield code="q">(Craig Britton)</subfield>
   <subfield code="d">1956-</subfield>
   <subfield code="e">author.</subfield>
  </datafield>
  <datafield tag="245" ind1="1" ind2="0">
   <subfield code="a">Biological anthropology</subfield>
   <subfield code="b">the natural history of humankind</subfield>
   <subfield code="c">Craig Stanford, John S. Allen, Susan C. Antón.</subfield>
  </datafield>
  <datafield tag="250" ind1=" " ind2=" ">
   <subfield code="a">Third edition.</subfield>
  </datafield>
  <datafield tag="264" ind1=" " ind2="1">
   <subfield code="a">Upper Sadle River, New Jersey</subfield>
   <subfield code="b">Pearson Education Center</subfield>
   <subfield code="c">©2013.</subfield>
  </datafield>
  <datafield tag="300" ind1=" " ind2=" ">
   <subfield code="a">xxiv, 613 pages</subfield>
   <subfield code="b">illustrations (chiefly color), color maps</subfield>
   <subfield code="c">28 cm</subfield>
  </datafield>
  <datafield tag="504" ind1=" " ind2=" ">
   <subfield code="a">Includes bibliographical references (pages 583-601) and index</subfield>
  </datafield>
  <datafield tag="505" ind1="0" ind2=" ">
   <subfield code="a">Introduction: What is biological anthropology? -- pt. 1: Mechanisms of evolution. Origins of evolutionary thought -- Genetics : cells and molecules -- Genetics : from genotype to phenotype -- The forces of evolution and the formation of species -- Human variation : evolution, adaptation, and adaptability -- pt. 2: Primates. The primates -- Primate behavior -- pt. 3: Paleontology and primate evolution. Fossils in geological context -- Originof primates -- Becoming human : the ape-hominin transition-- pt. 4: The human fossil record. Early hominins -- Origin and evolution of the genus Homo -- Archaic Homo sapiens and Neandertals -- The emergence and dispersal of Homo sapiens -- pt. 5: New frontiers in biological anthropology. Evolution of the brain and language -- Biomedical anthropology -- The evolution of human behavior -- Bioarchaeology and forensic anthropology -- Appendix A:Overview of the brain -- Appendix B: Primate and human comparative anatomy -- Appendix C: The Hardy-Weinberg equilibrium -- Appendix D: Metric-imperial conversions</subfield>
  </datafield>
  <datafield tag="520" ind1=" " ind2=" ">
   <subfield code="a">This textbook presents a survey of physical anthropology, the branch of anthropology that studies the physical development of the human species. It plays an important part in the study of human origins and in the analysis andidentification of human remains for legal purposes. It draws upon human body measurements, human genetics, and the study of human bones and includes the study of human brain evolution, and of culture as neurological adaptationto environment. The authors use the progressive term &quot;biological anthropology&quot; to mean &quot;an integrative combination of information from the fossil record and the human skeleton, genetics of individuals and of populations,our primate relatives, human adaptation, and human behavior.&quot;</subfield>
  </datafield>
  <datafield tag="650" ind1=" " ind2="0">
   <subfield code="a">Physical anthropology</subfield>
   <subfield code="v">Textbooks.</subfield>
  </datafield>
  <datafield tag="700" ind1="1" ind2=" ">
   <subfield code="a">Allen, John S.</subfield>
   <subfield code="q">(John Scott)</subfield>
   <subfield code="d">1961-</subfield>
   <subfield code="e">author.</subfield>
  </datafield>
  <datafield tag="700" ind1="1" ind2=" ">
   <subfield code="a">Antón, Susan C.</subfield>
   <subfield code="e">author.</subfield>
  </datafield>
  <datafield tag="905" ind1=" " ind2=" ">
   <subfield code="a">FO</subfield>
  </datafield>
  <datafield tag="852" ind1="0" ind2=" ">
   <subfield code="a">UPBAG</subfield>
   <subfield code="b">UPBAG-MAIN</subfield>
   <subfield code="h">GN 60 S69 2013</subfield>
  </datafield>
  <datafield tag="942" ind1=" " ind2=" ">
   <subfield code="a">Book</subfield>
  </datafield>
 </record>
</collection>
